000 00468nam a22001937a 4500
005 20260422160710.0
008 260422b |||||||| |||| 00| 0 eng d
020 _a9789385462221
_c995.00
040 _aMAIN
041 _aEnglish
082 _a336
_bHAJ
100 _aHajela, T.N.
_99382
245 _aMoney Banking and International Trade
250 _a9th
260 _aNew Delhi
_b Ane Books
_c2025
300 _a272
650 _aEconomics
_979
942 _cBK
999 _c60686
_d60686